|
|
|
|
| LEADER |
00000nam a22000005a 4500 |
| 001 |
901 |
| 003 |
CL-ChBUA |
| 005 |
20120815102717.0 |
| 008 |
070301s1963 ag 000 0 spa |
| 040 |
|
|
|a CL-ChBUA
|c CL-ChBUA
|
| 082 |
0 |
0 |
|a 305.8
|
| 090 |
|
|
|c 901
|d 901
|
| 100 |
1 |
|
|a White, Lynn...[et al].
|
| 245 |
1 |
0 |
|a Fronteras del conocimiento en el estudio del hombre
|
| 260 |
|
|
|b EUDEBA.
|c c1963.
|
| 300 |
|
|
|a x, 333 p.
|c 23 cm.
|
| 504 |
|
|
|a Indice.
|
| 650 |
|
4 |
|a ETNOLOGIA.
|
| 650 |
|
4 |
|a ANTROPOLOGIA.
|
| 942 |
|
|
|c LIB
|
| 952 |
|
|
|0 0
|1 0
|4 0
|7 0
|9 1206
|a UNACH
|b UNACH
|c 300
|d 2007-03-05
|i 37.989.
|l 2
|o 305.8 / F 935.
|p 2205
|r 2017-05-30 00:00:00
|s 2016-01-12
|u 1206
|w 2012-08-08
|y LIB
|k 305.8 / F 935.
|
| 999 |
|
|
|c 901
|d 901
|